THE LAW AND PRACTICE OF ARBITRATION AND CONCILIATION (Record no. 25069)

MARC details
000 -LEADER
fixed length control field 00342nam a22001457a 4500
003 - CONTROL NUMBER IDENTIFIER
control field SGT
020 ## - INTERNATIONAL STANDARD BOOK NUMBER
International Standard Book Number 8180380041
082 ## - DEWEY DECIMAL CLASSIFICATION NUMBER
Classification number 347
Item number MAL
100 ## - MAIN ENTRY--PERSONAL NAME
Personal name MALHOTRA , O P
245 ## - TITLE STATEMENT
Title THE LAW AND PRACTICE OF ARBITRATION AND CONCILIATION
250 ## - EDITION STATEMENT
Edition statement 1
260 ## - PUBLICATION, DISTRIBUTION, ETC. (IMPRINT)
Place of publication, distribution, etc NEW DELHI
Name of publisher, distributor, etc LEXIS NEXIS
Year of Publication 2002
300 ## - PAGE DESCRIPTION
No. of Pages CXXVII , 1292
942 ## - ADDED ENTRY ELEMENTS (KOHA)
Source of classification or shelving scheme Dewey Decimal Classification
Koha item type Books
Holdings
Withdrawn status Lost status Source of classification or shelving scheme Damaged status Not for loan Collection code Home library Current library Shelving location Date acquired Cost, normal purchase price SGTU Total Checkouts Full call number Accession No. (Barcode) Date last seen Bill Date Koha item type
    Dewey Decimal Classification     LAW SGT Science & Social Sciences Library SGT Science & Social Sciences Library Text Book 29/09/2023 2500.00 SGTU   347 MAL FL3065 29/09/2023 29/09/2023 Books